[Event "RUS-ch Higher League 70th"]
[Site "Sochi"]
[Date "2017.07.10"]
[Round "8"]
[White "Rakhmanov, Alexander"]
[Black "Shimanov, Aleksandr"]
[Result "1/2-1/2"]
[WhiteElo "2670"]
[BlackElo "2623"]
[PlyCount "58"]
[EventDate "2017.07.02"]
[EventType "swiss"]
[EventRounds "9"]
[EventCountry "RUS"]
[SourceTitle "CBM 180"]
[Source "ChessBase"]
[SourceDate "2017.09.13"]
[SourceVersion "1"]
[SourceVersionDate "2017.09.13"]
[SourceQuality "1"]

1. Nf3 Nf6 2. g3 d5 3. d4 e6 4. Bg2 Be7 5. O-O O-O 6. Nbd2 c5 7. c4 Nc6 8. cxd5 exd5 9. dxc5 Bxc5 10. Nb3 Bb6 11. Nbd4 Re8 12. b3 Bg4 13. Bb2 ({RR} 13. Be3 Ne4 14. Rc1 Qf6 15. Nxc6 bxc6 16. Bd4 Qd6 17. Qd3 {½-½ (17) Cruz,F (2269)-Alcala Gonzalez,C (2310) Lleida ESP 2026}) 13... Ne4 ({RR} 13... Rc8 14. Nxc6 bxc6 15. Ne5 Bh5 16. Bf3 Bxf3 17. exf3 Nd7 18. f4 Nxe5 19. fxe5 d4 20. Re1 Qd5 21. Qg4 Rcd8 22. Qe4 Qxe4 23. Rxe4 f5 24. Ree1 Rd5 25. Kf1 Rexe5 26. Rxe5 Rxe5 27. Rc1 Re6 28. Re1 {Kunin,V (2592)-Safarli,E (2678) Biel 2016 0-1 (50)}) 14. Rc1 Rc8 $146 ({RR} 14... Qd6 15. h3 {½-½ (15) Horvath,C (2506)-Horvath,P (2458) Budapest 2003}) ({RR} 14... Qd6 15. e3 Rac8 16. Nxc6 bxc6 17. Qd3 Qh6 18. b4 Nxf2 19. Rxf2 Rxe3 20. Qa6 Rce8 21. Kh1 R3e4 22. Rfc2 Re3 23. Qf1 Qh5 24. Nh4 Bd8 25. Bd4 Bxh4 26. Bxe3 Bxg3 27. Bg1 h6 28. Rc3 Be5 29. Rxc6 {Scheeren,P (2430)-Petursson,M (2415) Copenhagen 1982 1-0 (42)}) 15. Rc2 Qd6 16. a3 h5 17. b4 h4 18. Nxc6 Rxc6 19. Nd4 Rxc2 20. Qxc2 hxg3 21. hxg3 Nxg3 22. fxg3 Rxe2 23. Qc3 Qe5 24. Rf4 Re1+ 25. Bf1 Qe2 26. Rf2 Qe4 27. Rf4 Qe2 28. Rf2 Qe4 29. Rf4 Qe2 1/2-1/2

[Event "Titled Tue 22nd Oct Early"]
[Site "chess.com INT"]
[Date "2024.10.22"]
[Round "11"]
[White "Donchenko, Alexa"]
[Black "Sarana, A."]
[Result "1-0"]
[WhiteElo "2626"]
[BlackElo "2717"]
[PlyCount "57"]
[EventDate "2024.10.22"]

1. c4 {Tsesarsky,Ilya} e6 2. g3 d5 3. Bg2 Nf6 4. Nf3 Be7 5. O-O O-O 6. b3 c5 7. Bb2 Nc6 8. cxd5 exd5 9. d4 Ne4 10. dxc5 Bxc5 11. Nbd2 ({RR} 11. e3 Bg4 12. Nc3 ({RR} 12. h3 Be6 13. Nc3 Nxc3 14. Bxc3 Qb6 15. Qd2 Rfd8 16. Rfd1 Rac8 17. Qb2) ({RR} 12. Qc2 Rc8 13. a3 Re8 14. b4 Bb6 15. Qd3 Nxf2) 12... Qa5 ({RR} 12... Nxc3 13. Bxc3 Qd7 14. Qd2 Bb6 15. Ne5 Nxe5 16. Bxe5 Rfe8 ({RR} 16... Rfd8 17. Rac1 Bh3 18. Bxh3 Qxh3 19. Bc7 Rd7 20. Bxb6 axb6 21. Qb4 ({RR} 21. a4) 21... h5 22. a4) 17. Bd4) 13. Nxd5 Rad8 14. Qc2 f5 ({RR} 14... Nxg3 15. Nf6+ gxf6 16. hxg3) ({RR} 14... Bxf3 15. Bxf3 Nd2 16. Qf5 Nxf3+ ({RR} 16... Nxf1 17. Nf6+ gxf6 18. Qg4+ Kh8 19. Bxf6#) 17. Qxf3 Bd4 18. Ne7+ Nxe7 19. Bxd4) 15. Nf4 Bxf3 ({RR} 15... Rf7 16. Rfd1 Rxd1+ 17. Qxd1 Ng5 18. h3 Bxf3 19. Bxf3 Qe1+ 20. Qxe1 ({RR} 20. Kg2 Nxf3 21. Qxe1 Nxe1+ 22. Rxe1) 20... Nxf3+ 21. Kf1 Nxe1 22. Kxe1) 16. Bxf3 Nd2 17. Bxc6 bxc6 ({RR} 17... Nxf1 18. Qc4+ Kh8 19. Ne6 Rg8 20. Bxb7) 18. Rfd1 Rfe8 ({RR} 18... Bb4 19. a3) 19. a3 Bxe3 20. fxe3 Rxe3 21. b4 Qb6 22. Kg2 {1-0 (22) Zvjaginsev,V (2640)-Xu,J (2654) Moscow 2001 CBM 086 [Tsesarsky,Ilya]}) 11... Re8 $146 ({RR} 11... Qe7 12. e3 Bg4 13. h3 Bh5 14. a3 a5 15. Qc2 Bg6 16. Nxe4 Bxe4 17. Qc3 f6 18. Rfc1 Bb6 19. Qd2 Rad8 20. Bd4 Nxd4 21. Nxd4 Rfe8 22. Bf1 Qe5 23. Rc3 h5 24. f4 Qd6 25. Qd1 Bg6 26. Kh2 {Lu,C (2181)-Diu,V (2426) Hanoi 2018 ½-½ (43)}) ({RR} 11... Qe7 12. Rc1 Rd8 13. e3 Bg4 14. h3 Bh5 15. Qe2 Rac8 16. Rfd1 Bb6 17. Nf1 a6 18. Ba1 f6 19. g4 Bf7 20. N3d2 Nxd2 21. Rxd2 d4 22. exd4 Qxe2 23. Rxe2 Nxd4 24. Bxd4 Bxd4 25. Rxc8 Rxc8 26. Bxb7 {Mitrabha,G (2505)-Paravyan,D (2597) chess.com INT 2023 ½-½ (105)}) 12. Rc1 Qb6 13. Nxe4 dxe4 14. Ng5 Be7 15. Qd5 Bxg5 16. Qxg5 Nd4 17. Rc4 Nxe2+ 18. Kh1 Qg6 19. Qe3 Bg4 20. Re1 Qh5 21. Rc5 f5 22. Rc7 Rac8 23. Rxg7+ Kf8 24. Qd2 Re7 25. Qd6 Rce8 26. Qf6+ Rf7 27. Ba3+ Ree7 28. Bxe7+ Ke8 29. Qxf7+ 1-0

[Event "Olympiad-38"]
[Site "Dresden"]
[Date "2008.11.22"]
[Round "9"]
[White "Rodshtein, Maxim"]
[Black "Petrosian, Tigran L"]
[Result "1-0"]
[WhiteElo "2609"]
[BlackElo "2629"]
[PlyCount "55"]
[EventDate "2008.11.13"]
[EventType "team-swiss"]
[EventRounds "11"]
[EventCountry "GER"]
[SourceTitle "CBM 128"]
[Source "ChessBase"]
[SourceDate "2009.01.28"]
[SourceVersion "1"]
[SourceVersionDate "2009.01.28"]
[SourceQuality "1"]
[WhiteTeam "Israel"]
[BlackTeam "Armenia"]
[WhiteTeamCountry "ISR"]
[BlackTeamCountry "ARM"]

1. Nf3 d5 2. d4 c6 3. c4 Nf6 4. e3 e6 5. b3 Bd6 6. Bb2 O-O 7. Nbd2 b6 8. Bd3 Nbd7 9. O-O Bb7 10. Ne5 c5 11. cxd5 exd5 12. f4 Qe7 ({RR} 12... Ne4 13. Nxe4 dxe4 14. Bc4 Qe7 15. Nxd7 Qxd7 16. dxc5 bxc5 17. Qh5 Qe7 18. Rad1 Rad8 19. f5 Be5 20. Rxd8 Rxd8 21. Bxe5 {1-0 (21) Steinberg,N (2556)-Akkara,O (2114) chess.com INT 2026}) 13. Rf3 ({RR} 13. Qe2 Rfc8 14. Ndf3 Ne4 15. Nxd7 Qxd7 16. dxc5 Nxc5 17. Rac1 Nxd3 18. Qxd3 f6 19. Rxc8+ Rxc8 20. Rc1 {½-½ (20) Mecking,H (2602)-Granda Zuniga,J (2648) Sao Paolo 2012}) 13... cxd4 $146 ({RR} 13... Ne4 14. Nxd7 Qxd7 15. Rh3 g6 16. Nxe4 dxe4 17. Bc4 Be7 18. dxc5 Qxd1+ 19. Rxd1 Bxc5 20. f5 Rfd8 21. Rxd8+ Rxd8 22. fxg6 Rd1+ 23. Kf2 Rd2+ 24. Kf1 Rxb2 25. gxf7+ Kg7 26. Rg3+ Kh6 27. Rh3+ {½-½ (27) Kojima,S (2323)-Nolte,R (2458) Ho Chi Minh City 2009}) ({RR} 13... Ne4 14. Rh3 f5 15. Nxd7 Qxd7 16. Nxe4 fxe4 17. Qh5 Qf5 18. Qxf5 Rxf5 19. Be2 cxd4 20. Bg4 Rff8 21. Be6+ Kh8 22. Bxd4 Rae8 23. Bg4 Bc5 24. Bxc5 bxc5 25. Rc1 d4 26. Rxc5 d3 27. Kf2 Bc8 28. Bxc8 {Kojima,S (2339)-Aryan,C (2051) Budapest 2012 1-0 (57)}) 14. Nxd7 Nxd7 15. Bxd4 g6 16. Rh3 Bc5 17. f5 Nf6 18. Qf3 Bxd4 19. exd4 g5 20. Rg3 h6 21. h4 Qb4 22. Qf4 Ne4 23. Nxe4 Qxd4+ 24. Kh2 f6 25. hxg5 hxg5 26. Nxf6+ Qxf6 27. Rxg5+ Kf7 28. Qc7+ 1-0

[Event "RUS-ch 70th"]
[Site "St Petersburg"]
[Date "2017.12.05"]
[Round "3"]
[White "Vitiugov, Nikita"]
[Black "Riazantsev, Alexander"]
[Result "1/2-1/2"]
[WhiteElo "2722"]
[BlackElo "2650"]
[PlyCount "54"]
[EventDate "2017.12.03"]
[EventType "tourn"]
[EventRounds "11"]
[EventCountry "RUS"]
[EventCategory "18"]
[SourceTitle "CBM 182"]
[Source "ChessBase"]
[SourceDate "2018.01.17"]
[SourceVersion "1"]
[SourceVersionDate "2018.01.17"]
[SourceQuality "1"]

1. d4 Nf6 2. c4 e6 3. g3 d5 4. Bg2 Be7 5. Nf3 O-O 6. O-O dxc4 7. Qc2 c6 8. Qxc4 b5 9. Qc2 Bb7 10. Bg5 Nbd7 11. Nbd2 ({RR} 11. Ne5 Nxe5 12. dxe5 Nd7 13. Bxe7 Qxe7 14. f4 f6 15. exf6 Nxf6 16. Nd2 e5 17. e3 exf4 18. exf4 Rae8 19. Rac1 Qe3+ 20. Kh1 Qb6 21. b4 Nd5 22. Nf3 Nxb4 23. Qb3+ Nd5 24. Ne5 Rd8 25. a4 bxa4 {Radjabov,T (2756)-Karjakin,S (2753) Shamkir 2019 ½-½ (41)}) 11... c5 12. Bxf6 gxf6 13. Rac1 $146 ({RR} 13. a4 a6 14. Ng5 fxg5 15. Bxb7 Rb8 16. Bxa6 bxa4 17. Nf3 Qb6 18. Qxa4 Rfd8 19. Bd3 cxd4 20. Qa7 Qxa7 21. Rxa7 Rxb2 22. Rc1 g4 23. Nxd4 Bc5 24. Ra4 Nb6 25. Nxe6 Bxf2+ 26. Kxf2 Rxd3 27. Ra8+ {1-0 (27) Romanishin,O (2412)-Perez Perez,A (1989) Vecindario ESP 2023}) ({RR} 13. a4 bxa4 14. Rxa4 f5 15. Rfa1 cxd4 16. Nxd4 Bxg2 17. Kxg2 Nb6 18. Nc6 Rc8 19. Nf3 Qd6 20. Nxe7+ Qxe7 21. Qd2 Nxa4 22. Rxa4 f6 23. Qe3 Rf7 24. Nd4 Re8 25. f3 Qd7 26. Ra6 e5 27. Nc6 Qb7 {Kvaloy,A (2483)-Kot,E (2313) Montesilvano ITA 2026 0-1 (37)}) ({RR} 13. dxc5 Nxc5 14. Nh4 {½-½ (14) Stremavicius,T (2534)-Elsness,F (2436) Kragero NOR 2024}) 13... Qb6 14. dxc5 Nxc5 15. Nb3 Be4 16. Qc3 Nxb3 17. Qxb3 Rac8 18. Nh4 Bg6 19. e3 Rfd8 20. Nxg6 hxg6 21. Rfd1 Rxd1+ 22. Qxd1 Rxc1 23. Qxc1 Kg7 24. a3 b4 25. axb4 Bxb4 26. Bf1 Qc5 27. Qxc5 Bxc5 1/2-1/2

[Event "Portuguese Top League"]
[Site "Sao Joao da Madeira POR"]
[Date "2023.07.23"]
[Round "9.3"]
[White "Dardha, Daniel"]
[Black "Fier, A."]
[Result "1/2-1/2"]
[WhiteElo "2600"]
[BlackElo "2604"]
[PlyCount "53"]
[EventDate "2023.07.17"]
[WhiteTeam "AX GAIA A"]
[BlackTeam "GD DIAS FERREIRA A"]

1. d4 {Marin,Mihail} d5 2. c4 e6 3. Nf3 Nf6 4. g3 Bb4+ 5. Bd2 Be7 6. Bg2 O-O 7. O-O c6 8. Qc2 Nbd7 9. a4 Ne4 ({RR} 9... a5 10. Rc1 ({RR} 10. Na3 Ne4 11. Be3 f5 12. Ne1 g5 13. f3 Nd6 14. Nd3) ({RR} 10. Rd1 Ne4 11. Be1 f5 12. Nfd2 Ndf6 13. Nxe4 Nxe4 14. Nd2 Bd6 15. Nxe4 fxe4 16. f3 exf3 17. exf3 e5 18. cxd5 cxd5 19. dxe5 Bxe5 20. f4) 10... Ne4 ({RR} 10... h6 11. Be1 b6 ({RR} 11... Re8 12. Nbd2) 12. cxd5 cxd5 13. Nc3 Bb7 14. Nb5 Rc8 15. Qd1 Rxc1 16. Rxc1 Qb8 17. Bd2 Rc8 18. Bf4 Rxc1 19. Qxc1 Qc8 20. Qxc8+ Bxc8 21. Ne5 Nxe5 22. Bxe5 Ne8 23. e3 Bd7) 11. Be1 f5 12. Nbd2 Bd6 13. e3 Ra7 ({RR} 13... b6 14. cxd5 cxd5 15. Qc6 Ba6 16. Nxe4 fxe4 17. Qxd6 exf3 18. Bh3) ({RR} 13... g5 14. Nb3 ({RR} 14. Nxe4 fxe4 15. Nd2 g4 16. Nb3 Bc7) 14... g4 ({RR} 14... b6 15. cxd5 cxd5 16. Nxg5 Qxg5 17. Bxe4 fxe4 18. Qc6) ({RR} 14... f4 15. exf4 gxf4 16. Qe2) ({RR} 14... Bc7 15. Nfd2 Qf6 16. f4 Kh8) 15. Nfd2 Ng5) 14. Qd1 b6 15. cxd5 cxd5 16. Nb1 Ba6 ({RR} 16... Nb8 17. Na3 Na6 18. Nb5 Ra8 19. Nxd6 Qxd6 20. Ne5) 17. Na3 Qa8 ({RR} 17... Bxa3 18. Rxa3 Rc7) ({RR} 17... Qb8 18. Nb5 Bxb5 19. axb5 Rc8 20. Qa4 ({RR} 20. Bf1 Rac7) 20... Rac7 21. Rc6 Qb7 22. Bf1 Nb8 ({RR} 22... Rxc6 23. bxc6 Rxc6 24. Ba6 Qc7 25. Bb5) 23. Rxc7 Qxc7 24. b4 axb4 25. Bxb4 Nd7 26. Ne1) 18. Nb5 Bxb5 19. axb5 Rc8 20. Bf1 ({RR} 20. Rxc8+ Qxc8 21. b4 a4 22. Rxa4 ({RR} 22. Ra3 Qa8 23. Qa1 g5) 22... Rxa4 23. Qxa4 Qc1) 20... Rxc1 ({RR} 20... Rac7 21. Rxc7 Rxc7 22. b4) 21. Rxc1 Rc7 22. Rxc7 Bxc7 23. Qa4 Qb8 ({RR} 23... g5 24. b4 g4 25. Nd2 Nxd2 26. Bxd2 Qd8 27. bxa5 bxa5 28. Bd3) 24. b4 {Carlsen,M (2851)-Eljanov,P (2765) Stavanger 2016 CBM 172 [Marin,Mihail] 1-0 (35)}) 10. Ne1 $146 ({RR} 10. a5 f5 11. Rc1 Bf6 12. b4 e5 13. cxd5 cxd5 14. Qb3 exd4 15. Qxd5+ Kh8 16. Nxd4 Ne5 17. Qxd8 Rxd8 18. e3 Nd3 19. Rf1 Nxd2 20. Nxd2 Nxb4 21. N2b3 Rb8 22. Ra4 Nd3 23. Rc4 Bd7 24. Rc3 Ne5 {Voit,D (2343)-Goltseva,E (2331) Khanty-Mansiysk RUS 2023 1-0 (36)}) ({RR} 10. Be3 Nd6 11. Nbd2 Nf5 12. Qd3 a5 13. Bf4 g5 14. Be3 b6 15. g4 Nxe3 16. Qxe3 Ba6 17. b3 h6 18. Rac1 Rc8 19. Ne5 Nxe5 20. dxe5 Bc5 21. Qh3 Kg7 22. Rfd1 f5 23. gxf5 Rxf5 24. e3 Qf8 {Piddubna,B (2145)-Parpiev,I (2341) chess.com INT 2025 0-1 (38)}) 10... Nxd2 11. Nxd2 a5 12. Nd3 b6 13. Rfd1 Ba6 14. Rac1 b5 15. axb5 cxb5 16. cxd5 exd5 17. e3 Nb6 18. Nc5 Bc8 19. e4 Rb8 20. Nf3 Bg4 21. Re1 Bxf3 22. Bxf3 dxe4 23. Bxe4 g6 24. Nb7 Qxd4 25. Nxa5 Qf6 26. Nc6 Rbe8 27. Qb3 1/2-1/2

[Event "CRO-ch"]
[Site "Opatija"]
[Date "2015.01.13"]
[Round "3"]
[White "Kozul, Zdenko"]
[Black "Brkic, Ante"]
[Result "1-0"]
[WhiteElo "2631"]
[BlackElo "2602"]
[PlyCount "53"]
[EventDate "2015.01.11"]
[EventType "tourn"]
[EventRounds "11"]
[EventCountry "CRO"]
[EventCategory "13"]
[SourceTitle "CBM 165"]
[Source "ChessBase"]
[SourceDate "2015.03.11"]
[SourceVersion "1"]
[SourceVersionDate "2015.03.11"]
[SourceQuality "1"]

1. d4 {Aronian,Levon} Nf6 2. c4 e6 3. Nf3 d5 4. Bg5 h6 5. Bxf6 Qxf6 6. Nbd2 g6 ({RR} 6... Nd7 7. Rc1 c6 8. a3 g5 9. h3 ({RR} 9. e3 Bg7) ({RR} 9. e4 g4 10. e5 Qd8 ({RR} 10... Qf5 11. Ng1 ({RR} 11. Nh4 Qf4 12. Nb3 Be7) 11... c5 12. cxd5 cxd4 13. dxe6 Qxe5+ 14. Qe2 fxe6) 11. Ng1 Qb6 12. Nb3 a5 ({RR} 12... c5 13. Bd3 cxd4 14. f4) 13. c5 Qd8 14. Nd2 Rg8) 9... h5 10. cxd5 ({RR} 10. e4 g4 11. e5 Qg7) 10... exd5 11. e4 g4 12. e5 Qg7 13. Nh4 Qg5 14. g3 f6 15. e6 Nb6 16. Rc3 ({RR} 16. Bd3 Bxe6 17. Ng6 Rg8) 16... Bxe6 17. Re3 Kd7 ({RR} 17... Qg8 18. Ng6 Bh6 ({RR} 18... Qxg6 19. Bd3 f5 20. hxg4) 19. Nxh8 Bxe3 20. fxe3 Qxh8 21. hxg4 Qg7 22. g5) 18. Bd3 Re8 ({RR} 18... Nc4 19. Bxc4 dxc4 20. Ne4 Qa5+ 21. Kf1) ({RR} 18... Bd6 19. Rxe6 Kxe6 20. Nf5 Kd7) 19. Ng6 Rg8 ({RR} 19... Nc4 20. h4 Qh6 ({RR} 20... Nxe3 21. Qb3 Qh6 22. Qxb7+ Kd6 23. Nxh8) 21. Nxc4 dxc4 22. d5) 20. Nf4 Bh6 ({RR} 20... Bf7 21. Rxe8 Kxe8 22. hxg4 Qxg4 23. Be2 Qd7 24. Bxh5 Bd6) 21. Bh7 {Aronian,L (2739)-Anand,V (2799) Nice 2008 CBM 123 Extra [Aronian,Levon] 1-0 (50)} {RR} Rg7 22. h4 Qxf4 23. gxf4 Rxh7 24. Nb3) ({RR} 6... Nd7 7. Rc1 c6 8. g3 g5 9. e3 g4 10. Nh4 h5 11. h3 Qg5 12. Ng2 Rh6 13. h4 Qf6 14. Bd3 dxc4 15. Bxc4 Nb6 16. Bb3 e5 17. O-O Bf5 18. e4 Be6 19. d5 Bd7 20. Ne3 Rg6 21. Qe2 {Kozul,Z (2597)-Diermair,A (2504) Sarajevo 2018 1-0 (33)}) 7. Rc1 ({RR} 7. Qc2 Qe7 8. g3 Bg7 9. Bg2 O-O 10. Rc1 c5 11. cxd5 cxd4 12. Qxc8 Rxc8 13. Rxc8+ Kh7 14. h4 Bf6 15. Ne4 exd5 16. Nxf6+ Qxf6 17. O-O Kg7 18. Rfc1 d3 19. exd3 Qxb2 20. Re1 Qxa2 21. g4 g5 {Bu Xiangzhi (2676)-Hovhannisyan,R (2607) Benasque ESP 2023 1-0 (39)}) 7... Qd8 $146 ({RR} 7... Bg7 8. e3 O-O 9. Be2 c6 10. b4 Qe7 11. Qb3 a5 12. b5 a4 13. Qb1 Nd7 14. O-O e5 15. dxe5 Nxe5 16. cxd5 cxd5 17. Nxe5 Bxe5 18. Nf3 Bg7 19. b6 Bf5 20. Bd3 Bxd3 21. Qxd3 Qe6 22. h4 {Kozul,Z (2602)-Bosiocic,M (2566) Porec 2016 1-0 (81)}) 8. Qc2 c6 9. e4 dxe4 10. Nxe4 f5 11. Nc3 Bg7 12. Rd1 O-O 13. c5 b6 14. cxb6 Qxb6 15. Rd2 Qa5 16. Na4 Rd8 17. a3 c5 18. Nxc5 Nc6 19. Nb3 Qd5 20. Bc4 Qe4+ 21. Kd1 Rb8 22. Re1 Qg4 23. Be2 Qxg2 24. Qxc6 Rxb3 25. Qc7 Rf8 26. Rg1 Rb7 27. Qxg7+ 1-0

[Event "FIDE World Cup"]
[Site "Baku"]
[Date "2015.09.13"]
[Round "1.4"]
[White "Lysyj, Igor"]
[Black "Lupulescu, Constantin"]
[Result "1/2-1/2"]
[WhiteElo "2671"]
[BlackElo "2626"]
[PlyCount "54"]
[EventDate "2015.09.11"]
[EventType "k.o."]
[EventRounds "7"]
[EventCountry "AZE"]
[SourceTitle "CBM 169"]
[Source "ChessBase"]
[SourceDate "2015.11.10"]
[SourceVersion "1"]
[SourceVersionDate "2015.11.10"]
[SourceQuality "1"]

1. d4 d5 2. c4 e6 3. Nf3 c6 4. g3 dxc4 5. Bg2 b5 6. Ne5 Bb7 7. O-O Nd7 ({RR} 7... Nf6 8. b3 cxb3 9. Qxb3 Be7 10. Nc3 a6 11. Rd1 Qc8 12. Bg5 Nbd7 13. Rac1 O-O 14. Ne4 Nxe4 15. Bxe7 Re8 16. Nxc6 Bxc6 17. Bxe4 Bxe4 18. Rxc8 Raxc8 19. Qa3 Nb6 20. Bc5 Na4 21. f3 Bd5 22. Rc1 {Le,Q (2728)-Carlsen,M (2859) chess24.com INT 2022 1-0 (51)}) ({RR} 7... Nf6 8. a4 a6 9. b3 cxb3 10. Qxb3 Nd5 11. Nd2 Be7 12. Ndf3 O-O 13. e4 Nb6 14. Bh3 Bc8 15. a5 Na4 16. Rd1 c5 17. d5 exd5 18. Rxd5 Qc7 19. Bxc8 Qxc8 20. Bg5 Ra7 21. Rad1 c4 22. Qe3 {Manko,M (2264)-Berzina,I (2161) Weissenhorn GER 2026 0-1 (41)}) 8. Nxc6 ({RR} 8. Nc3 Qc8 9. b3 cxb3 10. Ne4 Ngf6 11. Nxf7 Kxf7 12. Ng5+ Ke8 13. Qxb3 Nb6 14. Bh3 Qc7 15. Nxe6 Qf7 16. e4 Bc8 17. Bf4 Bxe6 18. Bxe6 Qe7 19. Rac1 Nc4 20. Bxc4 bxc4 21. Qxc4 Qd7 22. Qxc6 Qxc6 {Lysyj,I (2671)-Lupulescu,C (2626) Baku 2015 1-0 (59)}) 8... Qb6 9. Be3 Ngf6 $146 ({RR} 9... Qa6 10. d5 exd5 11. Qxd5 Rc8 12. Nb4 Bxd5 13. Nxa6 Bxg2 14. Kxg2 Rc6 15. Nc3 Rxa6 16. Nxb5 Bd6 17. Bxa7 Ngf6 18. Rfc1 Ke7 19. Rxc4 Ra8 20. Nxd6 Kxd6 21. Rd1+ Ke6 22. Bd4 Rxa2 23. Rc3 Ke7 24. Rc7 {Ovsiannikov,M (2112)-Melnikova,Y (2246) St Petersburg 2003 ½-½ (42)}) ({RR} 9... Qa6 10. d5 exd5 11. Nd4 b4 12. a4 Ngf6 13. Nb5 Bd6 14. Bd4 O-O 15. e4 Rfd8 16. exd5 Ne5 17. f4 Ned7 18. Nd2 Bxd5 19. Bxd5 Nxd5 20. Nxd6 Qxd6 21. Nxc4 Qe6 22. Qb3 Rac8 23. Ne3 Nc5 24. Bxc5 {Tsolakidou,S (2393)-Stefanova,A (2490) Germany 2019 ½-½ (50)}) 10. d5 Bc5 11. dxe6 Bxc6 12. exd7+ Nxd7 13. Bxc5 Nxc5 14. Qd6 Bxg2 15. Qe5+ Ne6 16. Kxg2 O-O 17. Nc3 a6 18. Rfd1 Rfe8 19. a4 Nc5 20. Rd6 Qb7+ 21. Qd5 b4 22. Qxb7 Nxb7 23. Rb6 bxc3 24. Rxb7 cxb2 25. Rxb2 Rab8 26. Rab1 Rxb2 27. Rxb2 c3 1/2-1/2

[Event "FIDE Chess.com Grand Swiss"]
[Site "Douglas"]
[Date "2019.10.21"]
[Round "11"]
[White "Lupulescu, Constantin"]
[Black "Ragger, Markus"]
[Result "1-0"]
[WhiteElo "2643"]
[BlackElo "2684"]
[PlyCount "51"]
[EventDate "2019.10.10"]
[EventType "swiss"]
[EventRounds "11"]
[EventCountry "IOM"]
[SourceTitle "CBM 193"]
[Source "ChessBase"]
[SourceDate "2019.12.31"]
[SourceVersion "1"]
[SourceVersionDate "2019.12.31"]
[SourceQuality "1"]

1. d4 {Schulz,Andre} Nf6 2. Nf3 d5 3. c4 e6 4. e3 a6 5. b3 c5 6. Bb2 cxd4 7. exd4 Nc6 8. Nbd2 g6 9. Bd3 ({RR} 9. Be2 Bg7 10. O-O O-O 11. Ne5 Nd7 12. Nxc6 bxc6 13. Nf3 Qa5 14. Qc2 Bb7 15. Rfd1 Rfc8 16. Bc3 Qc7 17. Qd2 Nf6 18. Ba5 Ne4 19. Bxc7 Nxd2 20. Bb6 Nxf3+ 21. Bxf3 Bh6) 9... Bg7 10. O-O O-O 11. Ne5 ({RR} 11. Rc1 b6 12. Re1 Bb7 13. a3 Rc8 14. Qe2 dxc4 15. bxc4 Re8 16. h3 Qc7 17. Qe3 Ne7 18. Ne5 Nf5 19. Bxf5 exf5 20. Ndf3 Bxf3 21. Qxf3 Ne4 22. Re2 Qd6 ({RR} 22... Rcd8) 23. Qb3 ({RR} 23. Rxe4 fxe4 24. Qxf7+) 23... Bxe5 24. dxe5 Qc6 25. Qe3 Rcd8 {Radjabov,T (2738)-Carlsen,M (2850) Berlin 2015 CBM 168 Extra [Schulz,Andre] 1-0 (41)} ({RR} 25... Re6)) 11... Nd7 ({RR} 11... Bd7 12. Ndf3 Rc8 13. Qe2 dxc4 14. bxc4 Nxe5 15. dxe5 Nh5 16. g3 Bc6 17. Be4 Qc7 18. Ba3 Rfd8 19. Bd6 Qd7 20. Bxc6 Qxc6 21. c5 b6 22. cxb6 Qxb6 23. Rab1 Qc6 24. Rfc1 Qxc1+ 25. Rxc1 Rxc1+ 26. Kg2 {Hracek,Z (2592)-Ragger,M (2657) Katowice 2017 0-1 (47)}) 12. Qe2 $146 ({RR} 12. Re1 Ncxe5 13. dxe5 dxc4 14. Nxc4 b5 15. Nd6 Nxe5 16. Bf1 Ng4 17. Bxg7 Kxg7 18. h3 Nf6 19. Qd4 Bb7 20. Qe5 Bd5 21. a4 b4 22. Bc4 Bxc4 23. bxc4 Kg8 24. c5 Nd5 25. Ne4 Qe7 26. a5 f6 {Gharibyan,M (2423)-Petrosyan,M (2628) Yerevan 2021 ½-½ (77)}) ({RR} 12. Re1 Ncxe5 13. dxe5 dxc4 14. Nxc4 b5 15. Nd6 Nxe5 16. Bf1 Ng4 17. Bxg7 Kxg7 18. h3 Nf6 19. Qd4 Bb7 20. Qe5 Bd5 21. a4 b4 22. Bc4 Bxc4 23. bxc4 Kg8 24. c5 Nd5 25. Ne4 Qe7 26. a5 f6 {Gharibyan,M (2423)-Petrosyan,M (2628) Yerevan 2021 ½-½ (77)}) 12... Qb6 13. Ndf3 Ndxe5 14. dxe5 Bd7 15. Rad1 Ne7 16. h4 Bc6 17. h5 dxc4 18. Bxc4 Rfd8 19. Ng5 Rxd1 20. Rxd1 Rd8 21. Rd6 Nf5 22. Nxf7 Nxd6 23. exd6 Re8 24. Bxg7 Kxg7 25. Qe5+ Kxf7 26. h6 1-0

[Event "Tata Steel-A 77th"]
[Site "Wijk aan Zee"]
[Date "2015.01.15"]
[Round "5"]
[White "Ding, Liren"]
[Black "Ivanchuk, Vassily"]
[Result "1/2-1/2"]
[WhiteElo "2732"]
[BlackElo "2715"]
[PlyCount "51"]
[EventDate "2015.01.10"]
[EventType "tourn"]
[EventRounds "13"]
[EventCountry "NED"]
[EventCategory "20"]
[SourceTitle "CBM 165"]
[Source "ChessBase"]
[SourceDate "2015.03.11"]
[SourceVersion "1"]
[SourceVersionDate "2015.03.11"]
[SourceQuality "1"]

1. d4 d5 2. c4 c6 3. Nf3 e6 4. e3 Nf6 5. b3 b6 ({RR} 5... Nbd7 6. Bb2 b6 7. Bd3 Bb7 8. O-O Bd6 9. Nc3 O-O 10. Qc2 Re8 11. Rad1 Qe7 12. e4 dxe4 13. Nxe4 Nxe4 14. Bxe4 Nf6 15. Bd3 Ba3 16. Ba1 h6 17. Rfe1 Rad8 18. h3 a5 19. Re3 Qc7 20. Qe2 {Kramnik,V (2766)-Van Wely,L (2683) Monte Carlo 2007 1-0 (74)}) 6. Bb2 ({RR} 6. Bd3 Bb7 7. O-O Nbd7 8. Bb2 g6 9. Nc3 Bg7 10. cxd5 exd5 11. Ba3 Bf8 12. Bxf8 Nxf8 13. Ne5 N8d7 14. f4 Qe7 15. Rc1 O-O 16. Qe1 Rae8 17. Qh4 Nh5 18. Qxe7 Rxe7 19. e4 dxe4 20. Bxe4 Nxe5 {Urkedal,F (2558)-Ivanchuk,V (2678) Chess.com INT 2020 1-0 (65)}) 6... Bb7 7. Nc3 ({RR} 7. Bd3 Be7 8. O-O O-O 9. Nc3 c5 10. Qe2 cxd4 11. exd4 Nc6 12. Rfd1 Rc8 13. cxd5 Nxd5 14. Nxd5 exd5 15. Ne5 Bf6 16. f4 Re8 17. Bxh7+ Kf8 18. Qh5 g6 19. Bxg6 fxg6 20. Qxg6 {1-0 (20) Grigoryan,A (2095)-Yakovlev,E (2228) Ershovo RUS 2024}) 7... Nbd7 8. g3 $146 ({RR} 8. Bd3 Bd6 9. O-O O-O 10. Qc2 c5 11. cxd5 exd5 12. Rfd1 Qe7 13. Rac1 g6 14. Bb5 Rac8 15. Qe2 Ba8 16. Rc2 h6 17. Rcc1 {½-½ (17) Dreev,A (2668)-Grachev,B (2652) Sibenik 2009}) 8... g6 9. Bg2 Bg7 10. O-O O-O 11. Qe2 Qe7 12. a4 a5 13. Ba3 c5 14. Rac1 Rfd8 15. Rfd1 Rac8 16. Nb5 Ne4 17. Nd2 Ndf6 18. Nxe4 Nxe4 19. Bxe4 dxe4 20. dxc5 bxc5 21. Rxd8+ Rxd8 22. Rd1 Bf8 23. Bb2 Bg7 24. Ba3 Bf8 25. Bb2 Bg7 26. Ba3 1/2-1/2